| 000 | 00784nam a2200217Ia 4500 | ||
|---|---|---|---|
| 003 | GCL | ||
| 008 | 140319s9999 xx 000 0 ara d | ||
| 040 |
_aGCL / _cGCL |
||
| 082 | 0 | 4 |
_a212 _bى ا |
| 100 | 1 | _aيعقوب المليجى | |
| 245 | 1 | 0 |
_aالاخلاق فى السلام مع المقارنةبالديانات السماوية والاخلاق الوضعية / _cيعقوب المليجى |
| 260 |
_a[S.N] : _bمؤسسة الثقافةالجامعية للطبع والنشر ، _c1985 |
||
| 300 | _a254 ص | ||
| 490 | _a | ||
| 650 | 0 | 4 | _aالاسلام |
| 650 | 0 | 4 | _aالاسلام والمسيحية |
| 650 | 0 | 4 | _aالاخلاق الاسلامية |
| 650 | 0 | 4 | _aالاسلام والمجتمع |
| 650 | 0 | 4 | _aالاسلام واليهودية |
| 942 |
_2ddc _cBK |
||
| 999 |
_c49890 _d49890 |
||